000 00306nam a2200121Ia 4500
008 241028s9999 xx 000 0 und d
041 _aeng
082 _a519.502 FLO
100 _aTelsa Floyd
245 _aBusiness Statistics
260 _bLarsen And Keller Education
_aUSA
_c2019
300 _a199;. P. 26 cm
999 _c42783
_d42783